[Event "Greek Team Championship"]
[Site "chess24.com"]
[Date "2017.07.05"]
[Round "4"]
[White "Simitzoglou, Panagiotis"]
[Black "Kalamoukos, Grigorios"]
[Result "1-0"]
[Board "10"]
[WhiteElo "1445"]
[WhiteCountry "GRE"]
[WhiteFideId "4299990"]
[WhiteEloChange "7"]
[BlackElo "1331"]
[BlackCountry "GRE"]
[BlackFideId "4298020"]
[BlackEloChange "-7"]

1. c4 {[%clk 1:30:55]} e5 {[%clk 1:30:54]} 2. Nc3 {[%clk 1:31:20]} Nc6 {[%clk
1:31:15]} 3. g3 {[%clk 1:31:42]} Nf6 {[%clk 1:31:35]} 4. e4 {[%clk 1:32:02]} Bc5
{[%clk 1:31:01]} 5. d3 {[%clk 1:32:13]} d6 {[%clk 1:30:52]} 6. h3 {[%clk
1:32:36]} O-O {[%clk 1:30:23]} 7. Bg2 {[%clk 1:32:51]} Bd7 {[%clk 1:29:25]} 8.
Nge2 {[%clk 1:32:53]} Nd4 {[%clk 1:27:07]} 9. O-O {[%clk 1:32:12]} h6 {[%clk
1:20:40]} 10. Nxd4 {[%clk 1:29:56]} Bxd4 {[%clk 1:20:54]} 11. Ne2 {[%clk
1:30:10]} Bb6 {[%clk 1:17:19]} 12. Kh2 {[%clk 1:27:19]} Nh7 {[%clk 1:14:15]} 13.
f4 {[%clk 1:26:43]} exf4 {[%clk 1:08:52]} 14. Bxf4 {[%clk 1:24:59]} Be6 {[%clk
1:04:33]} 15. Rc1 {[%clk 1:20:50]} c6 {[%clk 1:03:08]} 16. d4 {[%clk 1:17:37]} d5
{[%clk 1:02:40]} 17. exd5 {[%clk 1:16:32]} cxd5 {[%clk 1:02:58]} 18. c5 {[%clk
1:16:45]} Bc7 {[%clk 1:03:16]} 19. Bxc7 {[%clk 1:17:06]} Qxc7 {[%clk 1:03:36]}
20. Nf4 {[%clk 1:17:15]} Qc6 {[%clk 1:00:10]} 21. Rc3 {[%clk 1:12:52]} Rae8
{[%clk 0:55:31]} 22. Ra3 {[%clk 1:10:27]} a6 {[%clk 0:52:44]} 23. Rb3 {[%clk
1:10:44]} g5 {[%clk 0:45:43]} 24. Rb6 {[%clk 1:08:52]} Qd7 {[%clk 0:43:36]} 25.
Rd6 {[%clk 1:09:08]} Qb5 {[%clk 0:43:30]} 26. Nd3 {[%clk 1:07:49]} Rd8 {[%clk
0:41:48]} 27. Rb6 {[%clk 1:07:27]} Qd7 {[%clk 0:40:47]} 28. Qb3 {[%clk 1:07:10]}
Rb8 {[%clk 0:26:43]} 29. c6 {[%clk 1:07:26]} Qd8 {[%clk 0:21:09]} 30. cxb7 {[%clk
1:07:34]} Nf6 {[%clk 0:20:12]} 31. Nc5 {[%clk 1:07:38]} Nd7 {[%clk 0:19:02]} 32.
Rxa6 {[%clk 1:06:18]} Qe7 {[%clk 0:17:11]} 33. Nxd7 {[%clk 1:06:04]} Qxd7 {[%clk
0:17:29]} 34. Rb6 {[%clk 1:05:55]} Rfd8 {[%clk 0:16:23]} 35. a4 {[%clk 1:06:00]}
Qc7 {[%clk 0:15:20]} 36. a5 {[%clk 1:05:44]} Rd6 {[%clk 0:15:37]} 37. Rxd6 {[%clk
1:05:48]} Qxd6 {[%clk 0:15:55]} 38. Qb5 {[%clk 1:05:46]} Qc7 {[%clk 0:13:34]} 39.
a6 {[%clk 1:05:58]} Kg7 {[%clk 0:10:41]} 40. Ra1 {[%clk 1:35:14]} h5 {[%clk
0:37:44]} 41. Qc5 {[%clk 1:35:01]} Qd7 {[%clk 0:37:19]} 42. a7 {[%clk 1:35:05]}
Qxb7 {[%clk 0:37:37]} 43. axb8Q {[%clk 1:35:16]} Qxb8 {[%clk 0:38:01]} 44. b4
{[%clk 1:34:50]} h4 {[%clk 0:38:23]} 45. Ra3 {[%clk 1:35:16]} f5 {[%clk 0:37:47]}
46. Qa7+ {[%clk 1:35:27]} Qxa7 {[%clk 0:37:53]} 47. Rxa7+ {[%clk 1:35:51]} Kf6
{[%clk 0:38:16]} 48. gxh4 {[%clk 1:36:12]} gxh4 {[%clk 0:38:27]} 49. b5 {[%clk
1:36:38]} Kg5 {[%clk 0:38:04]} 50. b6 {[%clk 1:36:54]} Bc8 {[%clk 0:38:17]} 51.
b7 {[%clk 1:37:17]} 1-0

[Event "Greek Team Championship"]
[Site "chess24.com"]
[Date "2017.07.05"]
[Round "4"]
[White "Macieja, Bartlomiej"]
[Black "David, Alberto"]
[Result "0-1"]
[Board "1"]
[WhiteElo "2537"]
[WhiteTitle "GM"]
[WhiteCountry "POL"]
[WhiteFideId "1104306"]
[WhiteEloChange "-5"]
[BlackElo "2567"]
[BlackTitle "GM"]
[BlackCountry "ITA"]
[BlackFideId "4000013"]
[BlackEloChange "5"]

1. e4 {[%clk 1:26:48]} e6 {[%clk 1:29:51]} 2. d4 {[%clk 1:27:14]} d5 {[%clk
1:30:16]} 3. Nc3 {[%clk 1:27:39]} Nf6 {[%clk 1:30:33]} 4. e5 {[%clk 1:28:05]}
Nfd7 {[%clk 1:30:59]} 5. f4 {[%clk 1:28:32]} c5 {[%clk 1:31:23]} 6. Nf3 {[%clk
1:28:59]} Nc6 {[%clk 1:31:49]} 7. Be3 {[%clk 1:29:26]} Be7 {[%clk 1:32:04]} 8.
Qd2 {[%clk 1:29:49]} a6 {[%clk 1:31:45]} 9. g3 {[%clk 1:28:58]} O-O {[%clk
1:29:34]} 10. Bg2 {[%clk 1:29:14]} b5 {[%clk 1:27:54]} 11. a3 {[%clk 1:29:42]}
Bb7 {[%clk 1:14:54]} 12. O-O {[%clk 1:27:47]} Rc8 {[%clk 1:06:09]} 13. Qf2 {[%clk
0:38:36]} cxd4 {[%clk 1:00:36]} 14. Nxd4 {[%clk 0:37:51]} Nxd4 {[%clk 1:00:19]}
15. Bxd4 {[%clk 0:38:19]} Rc4 {[%clk 1:00:21]} 16. Rfd1 {[%clk 0:30:38]} Qc7
{[%clk 0:49:46]} 17. Rd2 {[%clk 0:17:47]} Rc8 {[%clk 0:40:08]} 18. Rad1 {[%clk
0:17:08]} b4 {[%clk 0:35:28]} 19. axb4 {[%clk 0:17:22]} Rxb4 {[%clk 0:35:53]} 20.
Ne2 {[%clk 0:12:28]} Nc5 {[%clk 0:30:07]} 21. Qe3 {[%clk 0:07:34]} a5 {[%clk
0:25:58]} 22. Bc3 {[%clk 0:03:10]} Rc4 {[%clk 0:11:41]} 23. b3 {[%clk 0:03:16]}
Re4 {[%clk 0:12:07]} 24. Bxe4 {[%clk 0:03:40]} Nxe4 {[%clk 0:12:33]} 25. Rd3
{[%clk 0:03:55]} Ba6 {[%clk 0:12:49]} 26. Bd4 {[%clk 0:04:22]} Ba3 {[%clk
0:13:15]} 27. Nc3 {[%clk 0:00:44]} Bxd3 {[%clk 0:10:42]} 28. Rxd3 {[%clk
0:01:13]} Bb4 {[%clk 0:10:24]} 29. Nxe4 {[%clk 0:01:33]} dxe4 {[%clk 0:10:44]}
30. Qxe4 {[%clk 0:02:00]} Qxc2 {[%clk 0:11:06]} 31. Bf2 {[%clk 0:00:44]} Bf8
{[%clk 0:10:27]} 32. Re3 {[%clk 0:00:34]} Qd1+ {[%clk 0:07:40]} 33. Kg2 {[%clk
0:00:55]} Rc2 {[%clk 0:07:45]} 34. Qd3 {[%clk 0:00:37]} Rd2 {[%clk 0:07:14]} 35.
Qb5 {[%clk 0:00:31]} Qc2 {[%clk 0:04:59]} 36. Rf3 {[%clk 0:01:00]} h5 {[%clk
0:05:17]} 37. Qb8 {[%clk 0:00:34]} Qc6 {[%clk 0:04:49]} 0-1

[Event "Greek Team Championship"]
[Site "chess24.com"]
[Date "2017.07.05"]
[Round "4"]
[White "Theodorou, Nikolas"]
[Black "Moutousis, Konstantinos"]
[Result "1-0"]
[Board "2"]
[WhiteElo "2500"]
[WhiteTitle "IM"]
[WhiteCountry "GRE"]
[WhiteFideId "4262875"]
[WhiteEloChange "4"]
[BlackElo "2413"]
[BlackTitle "IM"]
[BlackCountry "GRE"]
[BlackFideId "4200071"]
[BlackEloChange "-4"]

1. Nf3 {[%clk 1:28:09]} Nf6 {[%clk 1:30:39]} 2. g3 {[%clk 1:28:30]} b6 {[%clk
1:29:35]} 3. Bg2 {[%clk 1:28:57]} Bb7 {[%clk 1:29:58]} 4. O-O {[%clk 1:29:15]} e6
{[%clk 1:30:24]} 5. c4 {[%clk 1:29:39]} c5 {[%clk 1:30:08]} 6. Nc3 {[%clk
1:30:05]} d6 {[%clk 1:29:52]} 7. Re1 {[%clk 1:30:30]} Be7 {[%clk 1:29:26]} 8. e4
{[%clk 1:30:46]} O-O {[%clk 1:29:43]} 9. d4 {[%clk 1:31:08]} cxd4 {[%clk
1:30:04]} 10. Nxd4 {[%clk 1:31:33]} Qc8 {[%clk 1:28:20]} 11. Be3 {[%clk 1:30:11]}
a6 {[%clk 1:27:54]} 12. Rc1 {[%clk 1:29:54]} Nbd7 {[%clk 1:27:39]} 13. f4 {[%clk
1:30:12]} Rd8 {[%clk 1:22:24]} 14. g4 {[%clk 1:24:12]} Nf8 {[%clk 1:20:15]} 15.
g5 {[%clk 1:23:48]} N6d7 {[%clk 1:20:26]} 16. h4 {[%clk 1:17:25]} Re8 {[%clk
1:17:43]} 17. f5 {[%clk 0:59:32]} Ne5 {[%clk 1:11:59]} 18. b3 {[%clk 0:59:44]}
Bd8 {[%clk 1:07:25]} 19. Rf1 {[%clk 0:55:04]} Ra7 {[%clk 1:00:00]} 20. fxe6
{[%clk 0:50:29]} fxe6 {[%clk 0:59:41]} 21. Bh3 {[%clk 0:50:48]} Ba8 {[%clk
0:59:12]} 22. Qe2 {[%clk 0:31:47]} Rf7 {[%clk 0:55:38]} 23. a4 {[%clk 0:23:43]}
Qc7 {[%clk 0:52:34]} 24. Qg2 {[%clk 0:18:56]} g6 {[%clk 0:43:55]} 25. Rxf7 {[%clk
0:13:20]} Nxf7 {[%clk 0:38:32]} 26. Qg3 {[%clk 0:10:23]} Qe7 {[%clk 0:35:55]} 27.
Re1 {[%clk 0:08:17]} Bc7 {[%clk 0:35:08]} 28. Qg2 {[%clk 0:08:45]} Ne5 {[%clk
0:34:37]} 29. Rf1 {[%clk 0:09:12]} Ned7 {[%clk 0:34:54]} 30. Bd2 {[%clk 0:08:49]}
Qg7 {[%clk 0:33:46]} 31. Nde2 {[%clk 0:08:06]} Nc5 {[%clk 0:33:56]} 32. b4 {[%clk
0:06:43]} Nd3 {[%clk 0:28:11]} 33. Be3 {[%clk 0:06:23]} Nxb4 {[%clk 0:26:48]} 34.
Bd4 {[%clk 0:06:20]} e5 {[%clk 0:22:37]} 35. Be3 {[%clk 0:06:00]} Nc2 {[%clk
0:20:29]} 36. Bf2 {[%clk 0:04:34]} Bd8 {[%clk 0:20:19]} 37. Nd5 {[%clk 0:02:58]}
Bc6 {[%clk 0:19:26]} 38. Nec3 {[%clk 0:02:48]} Nd4 {[%clk 0:18:27]} 39. Nf6+
{[%clk 0:01:49]} Bxf6 {[%clk 0:18:43]} 40. gxf6 {[%clk 0:30:00]} Qf7 {[%clk
0:48:27]} 41. Bxd4 {[%clk 0:25:27]} exd4 {[%clk 0:48:45]} 42. Nd5 {[%clk
0:25:53]} Kh8 {[%clk 0:48:34]} 43. Qf3 {[%clk 0:22:51]} Re5 {[%clk 0:43:15]} 44.
Rb1 {[%clk 0:18:21]} Bxd5 {[%clk 0:35:41]} 45. cxd5 {[%clk 0:16:43]} Qc7 {[%clk
0:35:46]} 46. Qd3 {[%clk 0:12:01]} Qd8 {[%clk 0:19:24]} 47. Rf1 {[%clk 0:12:07]}
Qe8 {[%clk 0:19:19]} 48. Rc1 {[%clk 0:07:41]} Qxa4 {[%clk 0:14:36]} 49. Qd2
{[%clk 0:08:07]} Qa3 {[%clk 0:11:20]} 50. Kg2 {[%clk 0:02:59]} Rxe4 {[%clk
0:06:45]} 51. Rc8 {[%clk 0:03:24]} Kg8 {[%clk 0:06:58]} 52. Be6+ {[%clk 0:03:50]}
Rxe6 {[%clk 0:07:24]} 53. dxe6 {[%clk 0:04:07]} 1-0

[Event "Greek Team Championship"]
[Site "chess24.com"]
[Date "2017.07.05"]
[Round "4"]
[White "Mihailidis, Anastasios"]
[Black "Naoum, Spyridon"]
[Result "0-1"]
[Board "3"]
[WhiteElo "2302"]
[WhiteTitle "FM"]
[WhiteCountry "GRE"]
[WhiteFideId "4205588"]
[WhiteEloChange "-11"]
[BlackElo "2267"]
[BlackCountry "GRE"]
[BlackFideId "4227506"]
[BlackEloChange "11"]

1. e4 {[%clk 1:30:30]} c5 {[%clk 1:28:10]} 2. c3 {[%clk 1:26:42]} Nf6 {[%clk
1:26:53]} 3. e5 {[%clk 1:27:01]} Nd5 {[%clk 1:27:21]} 4. Nf3 {[%clk 1:27:02]} e6
{[%clk 1:27:46]} 5. Bc4 {[%clk 1:27:15]} d6 {[%clk 1:25:08]} 6. d4 {[%clk
1:25:54]} cxd4 {[%clk 1:25:24]} 7. Qxd4 {[%clk 1:24:56]} Nc6 {[%clk 1:10:44]} 8.
Bb5 {[%clk 1:21:37]} Bd7 {[%clk 1:08:44]} 9. Bxc6 {[%clk 1:22:01]} Bxc6 {[%clk
1:09:10]} 10. exd6 {[%clk 1:20:40]} Qxd6 {[%clk 1:03:25]} 11. Ne5 {[%clk
1:17:25]} Rd8 {[%clk 0:46:57]} 12. O-O {[%clk 0:58:40]} Ne7 {[%clk 0:21:59]} 13.
Qxd6 {[%clk 0:51:23]} Rxd6 {[%clk 0:22:29]} 14. Nxc6 {[%clk 0:51:26]} Nxc6 {[%clk
0:22:43]} 15. Be3 {[%clk 0:50:52]} Be7 {[%clk 0:21:28]} 16. Na3 {[%clk 0:48:46]}
Rd7 {[%clk 0:20:59]} 17. Nb5 {[%clk 0:45:48]} a6 {[%clk 0:21:00]} 18. Nd4 {[%clk
0:46:14]} Nxd4 {[%clk 0:19:42]} 19. Bxd4 {[%clk 0:45:20]} f6 {[%clk 0:19:14]} 20.
Rfd1 {[%clk 0:43:10]} Rf8 {[%clk 0:10:42]} 21. a4 {[%clk 0:33:56]} Rf7 {[%clk
0:10:17]} 22. b4 {[%clk 0:31:25]} e5 {[%clk 0:10:22]} 23. Bb6 {[%clk 0:31:31]}
Bd8 {[%clk 0:10:38]} 24. Bc5 {[%clk 0:28:29]} Rxd1+ {[%clk 0:10:19]} 25. Rxd1
{[%clk 0:28:44]} Rd7 {[%clk 0:10:45]} 26. Rxd7 {[%clk 0:28:44]} Kxd7 {[%clk
0:11:13]} 27. Kf1 {[%clk 0:25:44]} b5 {[%clk 0:11:10]} 28. axb5 {[%clk 0:22:17]}
axb5 {[%clk 0:11:39]} 29. g4 {[%clk 0:19:28]} Ke6 {[%clk 0:10:50]} 30. Ke2 {[%clk
0:19:10]} Kd5 {[%clk 0:11:00]} 31. f3 {[%clk 0:18:14]} g6 {[%clk 0:08:29]} 32.
Kd3 {[%clk 0:17:07]} f5 {[%clk 0:08:41]} 33. gxf5 {[%clk 0:09:06]} gxf5 {[%clk
0:09:10]} 34. Bf2 {[%clk 0:09:11]} Bf6 {[%clk 0:07:24]} 35. Be1 {[%clk 0:04:47]}
e4+ {[%clk 0:02:00]} 36. fxe4+ {[%clk 0:04:53]} fxe4+ {[%clk 0:02:29]} 37. Ke3
{[%clk 0:04:36]} Bg5+ {[%clk 0:02:55]} 38. Ke2 {[%clk 0:05:00]} Bf4 {[%clk
0:02:32]} 39. h3 {[%clk 0:02:55]} Kc4 {[%clk 0:02:57]} 40. Bh4 {[%clk 0:31:42]}
Kxc3 {[%clk 0:33:19]} 41. Be7 {[%clk 0:32:06]} Kc4 {[%clk 0:32:22]} 42. Bf8
{[%clk 0:27:27]} Bc1 {[%clk 0:32:48]} 43. Be7 {[%clk 0:27:02]} Ba3 {[%clk
0:33:08]} 44. Ke3 {[%clk 0:27:17]} Bxb4 {[%clk 0:33:34]} 45. Bf6 {[%clk 0:27:36]}
Bc3 {[%clk 0:33:50]} 46. Be7 {[%clk 0:28:02]} Kd5 {[%clk 0:34:13]} 0-1

[Event "Greek Team Championship"]
[Site "chess24.com"]
[Date "2017.07.05"]
[Round "4"]
[White "Papadopoulos, Argirios"]
[Black "Tzouganakis, Panteleimon"]
[Result "1-0"]
[Board "4"]
[WhiteElo "2176"]
[WhiteTitle "FM"]
[WhiteCountry "GRE"]
[WhiteFideId "4241509"]
[WhiteEloChange "11"]
[BlackElo "2227"]
[BlackCountry "GRE"]
[BlackFideId "4215826"]
[BlackEloChange "-11"]

1. e4 {[%clk 1:29:28]} c5 {[%clk 1:30:20]} 2. Nf3 {[%clk 1:28:06]} d6 {[%clk
1:30:25]} 3. d4 {[%clk 1:28:32]} cxd4 {[%clk 1:30:37]} 4. Nxd4 {[%clk 1:28:57]}
Nf6 {[%clk 1:31:02]} 5. Nc3 {[%clk 1:29:25]} a6 {[%clk 1:31:24]} 6. Bc4 {[%clk
1:29:50]} e6 {[%clk 1:31:38]} 7. Bb3 {[%clk 1:30:15]} Be7 {[%clk 1:30:23]} 8. g4
{[%clk 1:30:40]} h6 {[%clk 1:22:41]} 9. Be3 {[%clk 1:22:04]} Nc6 {[%clk 1:19:31]}
10. f3 {[%clk 1:17:17]} Bd7 {[%clk 1:13:28]} 11. Qd2 {[%clk 1:08:38]} b5 {[%clk
0:55:34]} 12. Nce2 {[%clk 0:58:36]} Ne5 {[%clk 0:53:15]} 13. O-O-O {[%clk
0:55:21]} a5 {[%clk 0:50:02]} 14. a3 {[%clk 0:51:57]} g5 {[%clk 0:35:55]} 15. Kb1
{[%clk 0:48:04]} Rc8 {[%clk 0:32:38]} 16. h4 {[%clk 0:37:59]} Rg8 {[%clk
0:31:17]} 17. hxg5 {[%clk 0:34:47]} hxg5 {[%clk 0:31:41]} 18. Rh3 {[%clk
0:34:56]} Ng6 {[%clk 0:26:14]} 19. Ng3 {[%clk 0:33:26]} Nf4 {[%clk 0:23:01]} 20.
Bxf4 {[%clk 0:30:38]} gxf4 {[%clk 0:23:29]} 21. Nh5 {[%clk 0:28:30]} Rc5 {[%clk
0:22:32]} 22. Rdh1 {[%clk 0:23:19]} Rcg5 {[%clk 0:19:35]} 23. Ne2 {[%clk
0:20:34]} Nxh5 {[%clk 0:18:31]} 24. Rxh5 {[%clk 0:20:50]} Qb6 {[%clk 0:17:08]}
25. Nxf4 {[%clk 0:12:01]} Rxh5 {[%clk 0:12:42]} 26. Nxh5 {[%clk 0:12:05]} a4
{[%clk 0:13:01]} 27. Ba2 {[%clk 0:11:54]} Qc5 {[%clk 0:13:12]} 28. Rd1 {[%clk
0:07:23]} Bc6 {[%clk 0:10:04]} 29. Qa5 {[%clk 0:03:56]} Kd7 {[%clk 0:09:36]} 30.
Nf4 {[%clk 0:03:25]} Ra8 {[%clk 0:08:16]} 31. Qe1 {[%clk 0:03:00]} Kc8 {[%clk
0:06:07]} 32. Nd3 {[%clk 0:02:35]} Qb6 {[%clk 0:06:09]} 33. Qc3 {[%clk 0:02:00]}
Ra7 {[%clk 0:05:27]} 34. Qg7 {[%clk 0:01:39]} Bd8 {[%clk 0:05:48]} 35. Nb4 {[%clk
0:01:40]} Rd7 {[%clk 0:05:58]} 36. g5 {[%clk 0:00:33]} Kb7 {[%clk 0:04:35]} 37.
g6 {[%clk 0:00:57]} Qe3 {[%clk 0:04:36]} 38. Nxc6 {[%clk 0:00:32]} Kxc6 {[%clk
0:04:59]} 39. Rf1 {[%clk 0:00:32]} fxg6 {[%clk 0:02:10]} 40. Qxg6 {[%clk
0:30:36]} Qe2 {[%clk 0:32:28]} 41. Rc1 {[%clk 0:22:23]} Qxf3 {[%clk 0:26:46]} 42.
Bxe6 {[%clk 0:21:48]} Re7 {[%clk 0:27:09]} 43. Bd5+ {[%clk 0:21:12]} Kc7 {[%clk
0:27:21]} 44. Qg1 {[%clk 0:20:47]} Kb8 {[%clk 0:27:24]} 45. Rf1 {[%clk 0:17:46]}
Qh3 {[%clk 0:26:40]} 46. Rf8 {[%clk 0:14:19]} Qc8 {[%clk 0:25:24]} 47. Qf1 {[%clk
0:13:07]} Qd7 {[%clk 0:25:40]} 48. c4 {[%clk 0:12:04]} Re8 {[%clk 0:21:17]} 49.
Rxe8 {[%clk 0:10:51]} Qxe8 {[%clk 0:21:46]} 50. cxb5 {[%clk 0:11:10]} Qe5 {[%clk
0:18:17]} 51. Qc1 {[%clk 0:06:06]} Qd4 {[%clk 0:12:28]} 52. Qc6 {[%clk 0:06:08]}
Qb6 {[%clk 0:12:57]} 53. Qa8+ {[%clk 0:06:18]} Kc7 {[%clk 0:13:26]} 54. Qxa4
{[%clk 0:06:38]} Bf6 {[%clk 0:13:12]} 55. Qc4+ {[%clk 0:04:21]} Kd8 {[%clk
0:12:22]} 56. Qb4 {[%clk 0:04:32]} Bd4 {[%clk 0:08:30]} 57. Ka2 {[%clk 0:04:44]}
Bc5 {[%clk 0:07:11]} 58. Qa4 {[%clk 0:04:46]} Kc7 {[%clk 0:06:13]} 59. Bc6 {[%clk
0:04:10]} Qa7 {[%clk 0:05:15]} 60. Qxa7+ {[%clk 0:04:09]} Bxa7 {[%clk 0:05:44]}
61. b4 {[%clk 0:04:16]} Be3 {[%clk 0:06:02]} 62. Kb3 {[%clk 0:04:09]} Kb6 {[%clk
0:05:00]} 63. a4 {[%clk 0:04:30]} Bd2 {[%clk 0:04:59]} 64. a5+ {[%clk 0:04:51]}
Kc7 {[%clk 0:05:21]} 65. Kc4 {[%clk 0:05:17]} Be1 {[%clk 0:05:43]} 66. Bd5 {[%clk
0:05:42]} 1-0

[Event "Greek Team Championship"]
[Site "chess24.com"]
[Date "2017.07.05"]
[Round "4"]
[White "Michna, Marta"]
[Black "Antova, Gabriela"]
[Result "1/2-1/2"]
[Board "5"]
[WhiteElo "2372"]
[WhiteTitle "WGM"]
[WhiteCountry "GER"]
[WhiteFideId "1106686"]
[WhiteEloChange "-2"]
[BlackElo "2289"]
[BlackTitle "FM"]
[BlackCountry "BUL"]
[BlackFideId "2915235"]
[BlackEloChange "2"]

1. g3 {[%clk 1:30:32]} d5 {[%clk 1:30:33]} 2. Bg2 {[%clk 1:30:58]} Nf6 {[%clk
1:30:41]} 3. d3 {[%clk 1:30:13]} c5 {[%clk 1:29:45]} 4. Nd2 {[%clk 1:29:02]} e5
{[%clk 1:28:56]} 5. e4 {[%clk 1:29:29]} Nc6 {[%clk 1:29:12]} 6. Ngf3 {[%clk
1:27:43]} Be7 {[%clk 1:29:24]} 7. O-O {[%clk 1:27:52]} O-O {[%clk 1:29:24]} 8. c3
{[%clk 1:27:29]} dxe4 {[%clk 1:21:17]} 9. dxe4 {[%clk 1:27:51]} h6 {[%clk
1:19:42]} 10. Qe2 {[%clk 1:09:39]} Qc7 {[%clk 1:17:50]} 11. Nh4 {[%clk 1:07:29]}
Re8 {[%clk 1:13:21]} 12. Nc4 {[%clk 1:06:26]} Bg4 {[%clk 1:07:26]} 13. Bf3 {[%clk
0:53:00]} Be6 {[%clk 1:05:52]} 14. a4 {[%clk 0:47:20]} a6 {[%clk 1:00:59]} 15.
Nf5 {[%clk 0:44:09]} Bf8 {[%clk 0:51:38]} 16. Nfe3 {[%clk 0:43:52]} b6 {[%clk
0:40:44]} 17. Rd1 {[%clk 0:37:20]} Rad8 {[%clk 0:39:36]} 18. Bd2 {[%clk 0:36:38]}
Qb8 {[%clk 0:36:43]} 19. Be1 {[%clk 0:34:37]} b5 {[%clk 0:34:34]} 20. axb5 {[%clk
0:23:30]} axb5 {[%clk 0:34:58]} 21. Na5 {[%clk 0:18:15]} Nxa5 {[%clk 0:35:14]}
22. Rxa5 {[%clk 0:18:41]} Rxd1 {[%clk 0:34:11]} 23. Qxd1 {[%clk 0:19:00]} Rd8
{[%clk 0:34:18]} 24. Qe2 {[%clk 0:15:14]} c4 {[%clk 0:34:32]} 25. b4 {[%clk
0:15:17]} cxb3 {[%clk 0:17:49]} 26. Rxb5 {[%clk 0:15:19]} Qa7 {[%clk 0:17:56]}
27. c4 {[%clk 0:10:22]} Rb8 {[%clk 0:17:46]} 28. Bc3 {[%clk 0:10:42]} Rxb5 {[%clk
0:16:32]} 29. cxb5 {[%clk 0:11:10]} Qc5 {[%clk 0:16:33]} 30. Bb2 {[%clk 0:10:15]}
Bd7 {[%clk 0:10:12]} 31. Qc4 {[%clk 0:09:07]} Qxb5 {[%clk 0:09:44]} 32. Bd1
{[%clk 0:07:07]} Qxc4 {[%clk 0:06:46]} 33. Nxc4 {[%clk 0:07:35]} Be6 {[%clk
0:07:03]} 34. Nd2 {[%clk 0:04:04]} Bb4 {[%clk 0:06:21]} 35. Nxb3 {[%clk 0:04:31]}
Nxe4 {[%clk 0:06:39]} 36. Bxe5 {[%clk 0:04:03]} Bxb3 {[%clk 0:05:19]} 37. Bxb3
{[%clk 0:04:30]} Bc5 {[%clk 0:05:44]} 38. Kg2 {[%clk 0:04:18]} Nxf2 {[%clk
0:06:07]} 39. Kf3 {[%clk 0:03:24]} Nd3 {[%clk 0:06:31]} 40. Bc3 {[%clk 0:33:35]}
Kf8 {[%clk 0:35:51]} 41. Bc4 {[%clk 0:33:33]} Nb4 {[%clk 0:33:36]} 42. Bxb4
{[%clk 0:33:59]} Bxb4 {[%clk 0:34:02]} 43. Bd5 {[%clk 0:34:25]} Ke7 {[%clk
0:33:47]} 44. Bb7 {[%clk 0:33:27]} Bd6 {[%clk 0:32:40]} 45. h3 {[%clk 0:33:13]}
f5 {[%clk 0:32:33]} 1/2-1/2

[Event "Greek Team Championship"]
[Site "chess24.com"]
[Date "2017.07.05"]
[Round "4"]
[White "Vozinaki, Anthi - Maria"]
[Black "Papathanasiou, Elisavet"]
[Result "1-0"]
[Board "6"]
[WhiteElo "1837"]
[WhiteCountry "GRE"]
[WhiteFideId "4263898"]
[WhiteEloChange "13"]
[BlackElo "1927"]
[BlackCountry "GRE"]
[BlackFideId "4222687"]
[BlackEloChange "-13"]

1. e4 {[%clk 1:29:34]} c5 {[%clk 1:27:17]} 2. Nf3 {[%clk 1:29:58]} Nc6 {[%clk
1:27:43]} 3. d4 {[%clk 1:30:22]} cxd4 {[%clk 1:28:10]} 4. Nxd4 {[%clk 1:30:47]}
g6 {[%clk 1:28:38]} 5. Nc3 {[%clk 1:31:10]} Bg7 {[%clk 1:28:57]} 6. Be3 {[%clk
1:31:36]} Nf6 {[%clk 1:28:55]} 7. Nxc6 {[%clk 1:31:59]} bxc6 {[%clk 1:29:09]} 8.
e5 {[%clk 1:32:25]} Ng8 {[%clk 1:29:16]} 9. f4 {[%clk 1:32:49]} f6 {[%clk
1:27:04]} 10. Bd4 {[%clk 1:29:57]} Qc7 {[%clk 1:24:25]} 11. exf6 {[%clk 1:16:30]}
Nxf6 {[%clk 1:24:02]} 12. Qd2 {[%clk 1:15:09]} O-O {[%clk 1:15:34]} 13. Bc4+
{[%clk 1:10:31]} Kh8 {[%clk 1:15:18]} 14. O-O-O {[%clk 1:07:53]} a5 {[%clk
1:04:23]} 15. h4 {[%clk 1:00:24]} a4 {[%clk 0:55:31]} 16. h5 {[%clk 0:40:18]}
Nxh5 {[%clk 0:52:37]} 17. g4 {[%clk 0:37:21]} Nf6 {[%clk 0:40:54]} 18. f5 {[%clk
0:29:19]} d5 {[%clk 0:35:10]} 19. Bd3 {[%clk 0:22:53]} gxf5 {[%clk 0:32:10]} 20.
g5 {[%clk 0:17:57]} Ne4 {[%clk 0:30:13]} 21. Bxe4 {[%clk 0:16:49]} fxe4 {[%clk
0:27:41]} 22. g6 {[%clk 0:16:45]} e5 {[%clk 0:27:10]} 23. Rxh7+ {[%clk 0:16:08]}
Kg8 {[%clk 0:27:37]} 24. Qh2 {[%clk 0:14:16]} Ba6 {[%clk 0:12:07]} 25. Bxe5
{[%clk 0:09:00]} Bxe5 {[%clk 0:11:29]} 26. Rh8+ {[%clk 0:09:01]} Kg7 {[%clk
0:11:45]} 27. Qh6+ {[%clk 0:08:55]} 1-0

[Event "Greek Team Championship"]
[Site "chess24.com"]
[Date "2017.07.05"]
[Round "4"]
[White "Skiadopoulou, Afroditi-Lelouda"]
[Black "Karavitaki, Evaggelia"]
[Result "1-0"]
[Board "7"]
[WhiteElo "1469"]
[WhiteCountry "GRE"]
[WhiteFideId "4290712"]
[WhiteEloChange "16"]
[BlackElo "1690"]
[BlackCountry "GRE"]
[BlackFideId "4295021"]
[BlackEloChange "-16"]

1. e4 {[%clk 1:30:57]} c5 {[%clk 1:30:50]} 2. Be2 {[%clk 1:31:22]} e6 {[%clk
1:31:02]} 3. f4 {[%clk 1:31:42]} Nc6 {[%clk 1:27:59]} 4. Nf3 {[%clk 1:32:03]} Nf6
{[%clk 1:23:45]} 5. d3 {[%clk 1:32:22]} d5 {[%clk 1:23:56]} 6. e5 {[%clk
1:25:14]} Nd7 {[%clk 1:24:17]} 7. c3 {[%clk 1:25:36]} b6 {[%clk 1:22:52]} 8. d4
{[%clk 1:25:56]} Bb7 {[%clk 1:22:49]} 9. O-O {[%clk 1:25:58]} Rc8 {[%clk
1:21:59]} 10. Be3 {[%clk 1:25:39]} Be7 {[%clk 1:21:35]} 11. Kh1 {[%clk 1:21:13]}
O-O {[%clk 1:01:16]} 12. a3 {[%clk 1:08:05]} cxd4 {[%clk 0:59:21]} 13. cxd4
{[%clk 1:08:27]} Na5 {[%clk 0:59:09]} 14. Nc3 {[%clk 1:04:18]} Nc4 {[%clk
0:59:00]} 15. Bc1 {[%clk 1:04:43]} Nxa3 {[%clk 0:45:35]} 16. Qb3 {[%clk 1:04:32]}
Nc4 {[%clk 0:44:55]} 17. Rxa7 {[%clk 1:03:10]} Qc7 {[%clk 0:38:34]} 18. Ra1
{[%clk 0:43:20]} Na5 {[%clk 0:33:50]} 19. Qc2 {[%clk 0:33:29]} Rfd8 {[%clk
0:28:59]} 20. f5 {[%clk 0:26:13]} g6 {[%clk 0:20:21]} 21. fxe6 {[%clk 0:22:40]}
fxe6 {[%clk 0:20:16]} 22. Bd3 {[%clk 0:21:09]} Kg7 {[%clk 0:18:43]} 23. Qd2
{[%clk 0:18:26]} Nf8 {[%clk 0:14:56]} 24. Qh6+ {[%clk 0:17:27]} Kg8 {[%clk
0:11:22]} 25. h4 {[%clk 0:12:24]} Bb4 {[%clk 0:08:40]} 26. Bg5 {[%clk 0:08:00]}
Re8 {[%clk 0:07:31]} 27. Bf6 {[%clk 0:06:54]} Ra8 {[%clk 0:06:33]} 28. Ng5 {[%clk
0:03:47]} Ba6 {[%clk 0:06:08]} 29. Bxa6 {[%clk 0:02:26]} Rxa6 {[%clk 0:06:37]}
30. Nb5 {[%clk 0:02:10]} Qd7 {[%clk 0:06:40]} 31. Nd6 {[%clk 0:01:38]} Bxd6
{[%clk 0:06:40]} 32. exd6 {[%clk 0:02:05]} Raa8 {[%clk 0:06:16]} 33. Be7 {[%clk
0:02:02]} Rxe7 {[%clk 0:05:59]} 34. dxe7 {[%clk 0:02:28]} Qxe7 {[%clk 0:06:11]}
35. Rf7 {[%clk 0:02:09]} Qxf7 {[%clk 0:06:22]} 36. Nxf7 {[%clk 0:02:36]} Kxf7
{[%clk 0:06:47]} 37. Rf1+ {[%clk 0:02:59]} Kg8 {[%clk 0:06:51]} 38. Qf4 {[%clk
0:03:12]} 1-0